Cammin in Pommern

Titel: Cammin in Pommern : ein Bildband von der Jahrhundertwende bis 1945 / Bilder gesammelt und mit Text versehen von Erika Domeyer-Müller ; Reprod. von Volker Lorenz
Verfasser:
Beteiligt:
Veröffentlicht: Celle : Schweiger ˜[u.a.]œ, 1994
Umfang: 128 S. : überwiegend Ill.
Format: Buch
Sprache: Deutsch
RVK-Notation:
Schlagworte:
ISBN: 3930374064
Buchumschlag
X
alg: 12167323
001A    $00026:07-06-04 
001B    $01999:02-03-21 $t20:51:41.000 
001C    $06002:06-03-06 $t19:59:21.000 
001D    $00026:07-06-04 
001U    $0utf8 
001X    $00 
002@    $0Aau 
003@    $0121673235 
003O    $0176991443 $aOCoLC 
004A    $03-930374-06-4 
007A    $0121673235 $aHEB 
007T    $0Herd25897 
010@    $ager 
011@    $a1994 
021A    $aCammin in Pommern $dein Bildband von der Jahrhundertwende bis 1945 $hBilder gesammelt und mit Text versehen von Erika Domeyer-Müller ; Reprod. von Volker Lorenz 
028A    $7 $8Domeyer-Müller, Erika [Tnx] $9165811595 
028C    $7 $8Lorenz, Volker [Tnd] $9141366591 
033A    $pCelle $nSchweiger {[u.a.] 
034D    $a128 S. 
034M    $aüberwiegend Ill. 
044K    $RCammin $#Cammin Pommern $#Cammin in Pommern $74069827-0 $8Kamień Pomorski [Tg1] $9085196371 
045F    $a900.9438160904 $eDDC23BSB 
045F/01 $a900 
045F/03 $f0904 
045F/03 $g43816 
045Z    $8NR 7485 [Tkv] $9410927341 

lok: 12167323 78

exp: 12167323 78 1 #EPN
201B/01 $019-04-17 $t14:26:59.000 
201U/01 $0utf8 
203@/01 $079167651X 
208@/01 $a12-11-16 $be 
209A/01 $a/ $f000 $x00 
220C/01 $aTitelaufnehmer: nk 
237A/01 $aweiterführende Signatur(en): UB Greifswald: 95 NZ 10472 
244Z/01 $2Trx $#Pomeranija $#Pommern $#Pomoransko $#Pomořansko $#Hinterpommern;Vorpommern;Mittelpommern $#Pomorze Środkowe;Pomorze Przednie $#Pomořansko;Západní Pomořany; Pomořany $8--Trx--Pomorze Zachodnie $x01 $9391303775 
244Z/01 $2Trx $#Cammin Pom. $#Kammin Stettin $8--Trx--Kamień Pomorski $x02 $9391344110 
244Z/01 $aGeschichte 1900-1945 $x03 
244Z/01 $2Trx $#fotod $#nuotraukos $#Photographs $#fényképek $#fotografie $#fotografie $#fotografie $8--Trx--Photographien $x04 $939138287X 
244Z/01 $2Trx $#pildiraamatud $#albumai $#Illustrated books $#képes könyvek $#albumy $#albumy $#alba $#picture books $8--Trx--Bildbände $x05 $9391378953 
244Z/01 $2Trx $8--Trx--Monographie $x06 $9391384546 
245Z/01 $a13.03 $x01 
245Z/01 $a03.04.01 $x02 
247C/01 $82080>Marburg/Lahn, Herder-Institut, Forschungsbibliothek, Bibliographieportal $9336309341 

lok: 12167323 204

exp: 12167323 204 1 #EPN
201B/01 $007-06-04 $t10:14:07.000 
201C/01 $007-06-04 
203@/01 $0215104625 
208@/01 $a07-06-04 $bzp08 
209A/01 $aYp 8229 $ds $f084 $h084 YP 8229 $x00 
209C/01 $a084 82267700 
209G/01 $a82267700 $x00 
247C/01 $8631084-9 <26/084>Gießen, Universität Gießen, Fachbibliothek Geschichts- und Kulturwissenschaften / Bibliothek im Historischen Institut $9102596948 
201U/01 $0utf8
LEADER 00000cam a2200000 c 4500
001 121673235
003 DE-603
005 20210302205141.0
007 tu
008 040607s1994 xx |||| | u00||u|ger c
020 |a 3930374064 
035 |a (DE-599)HEB121673235 
035 |a (OCoLC)176991443 
040 |a DE-603  |b ger  |c DE-603  |d DE-603 
041 |a ger 
082 0 4 |8 1\u  |a 900.9438160904  |q DE-101  |2 23/BSB 
084 |a NR 7485  |0 (DE-625)129749:  |0 (DE-603)410927341  |2 rvk 
085 |8 1\u  |b 900 
085 |8 1\u  |z 1  |s 0904 
085 |8 1\u  |z 2  |s 43816 
100 1 |a Domeyer-Müller, Erika  |0 (DE-603)165811595 
245 0 0 |a Cammin in Pommern  |b ein Bildband von der Jahrhundertwende bis 1945  |c Bilder gesammelt und mit Text versehen von Erika Domeyer-Müller ; Reprod. von Volker Lorenz 
264 1 |a Celle  |b Schweiger ˜[u.a.]œ  |c 1994 
300 |a 128 S.  |b überwiegend Ill. 
651 7 |a Kamień Pomorski  |0 (DE-588)4069827-0  |0 (DE-603)085196371  |2 gnd 
700 1 |a Lorenz, Volker  |0 (DE-603)141366591 
924 0 |9 2080  |a (DE-603)79167651X  |b DE-2080  |c HES  |d d  |g / 
924 0 |9 26/084  |a (DE-603)215104625  |b DE-26-084  |c HES  |d d  |g Yp 8229